000 00467nam a2200181Ia 4500
005 20250603144931.0
008 250603s9999 xx 000 0 und d
020 _a9783700456
050 _aP 91 .O38/
100 _aOgundowole, E. Kolawole
245 0 _aEvolving national awareness through philosophy and communication practice
260 _aLagos
260 _bCorrect Counsel Limited
260 _c2007
300 _a116 p
650 _aLagos
942 _cBK
999 _c40381
_d40381